000 00765aam a2200289 i 4500
001 768714001
003 CO-MdFUSB
005 20250612103640.0
007 ta
008 250612t1985 sp |||| |||| 00| 0 spa d
020 _a84-7645-067-2
040 _cCO-MdFUSB
041 0 _aspa
082 0 4 _223
_a248.8
_bI78g
100 1 _aIserte Badenas, Salvador
_eautor
245 1 3 _aLa gran aventura del hombre moderno
_c/ Salvador Iserte
264 1 _bClie,
_aTerrassa, Barcelona, España :
_c[1985]
264 4 _c©1985
300 _a131 páginas
336 _atexto
_btxt
_2rdacontent
337 _2rdamedia
_asin mediación
_bn
338 _2rdacarrier
_avolumen
_bnc
563 _aRústico
650 0 _aVida cristiana
_919
942 _cBK
945 _aJTF-925
999 _c32300
_d32300